000 01048cam a22002771 4500
001 ca 30000660
003 DLC
005 20260227111123.0
008 831107s1930 dcu b 000 0 eng
010 _aca 30000660
035 _a(OCoLC)10101949
040 _aDLC
_cDSI
_dOCoLC
_dDLC
042 _apremarc
050 0 0 _aZ5066
_b.S66
110 2 _aSmithsonian Institution.
_bLibrary.
_bLangley aeronautical collection.
245 1 2 _aA list of the books forming the Langley aeronautical collection deposited in the Library of Congress by the Smithsonian institution, March 1930.
260 _aWashington, D.C.,
_c1930.
300 _a1 p. l., 69 p.
_c31 cm.
500 _aPhotographic reproduction, reduced, of the catalogue cards covering the collection.
500 _aArranged alphabetically, 21 cards to a page.
500 _aTitle-page type-written.
650 0 _aAeronautics
_vBibliography.
700 1 _aLangley, S. P.
_q(Samuel Pierpont),
_d1834-1906.
710 2 _aLibrary of Congress.
740 0 _aLangley aeronautical collection.
999 _c16644
_d16644